| 000 | 00913nam a2200253Ia 4500 | ||
|---|---|---|---|
| 003 | OSt | ||
| 005 | 20220923213421.0 | ||
| 006 | a|||||r|||| 00| 0 | ||
| 007 | ta | ||
| 008 | 220922b |||||||| |||| 00| 0 hin d | ||
| 024 | _a161,773 | ||
| 037 | _cTextual | ||
| 040 |
_aARTS _cARTS _bhin |
||
| 041 |
_2hin _ahin |
||
| 082 | _aO157,3M61,TS, 152J1;L3 | ||
| 100 |
_aठाकुर, चन्द्रनाथ; ओझा, कैलाशनाथ, अनु. _9163043 |
||
| 245 | 0 | _aतीन साथी | |
| 246 | _aTīn sāthī | ||
| 260 |
_aदिल्ली _b प्रभात प्रकाशन _c1973 |
||
| 300 |
_a128 पृ. _ccm. |
||
| 650 |
_aहिन्दी साहित्य _9156264 |
||
| 942 |
_hO157,3M61,TS, 152J1;L3 _cTEXL _2CC |
||
| 999 |
_c316320 _d316320 |
||